LEADER 01713oam 2200469M 450 001 9910716277203321 005 20200213071025.1 035 $a(CKB)5470000002519351 035 $a(OCoLC)1065741736 035 $a(OCoLC)995470000002519351 035 $a(EXLCZ)995470000002519351 100 $a20071213d1926 ua 0 101 0 $aeng 135 $aurcn||||||||| 181 $ctxt$2rdacontent 182 $cc$2rdamedia 183 $acr$2rdacarrier 200 10$aBridge across the Chunky River. January 16 (calendar day, January 23), 1926. -- Ordered to be printed 210 1$a[Washington, D.C.] :$c[U.S. Government Printing Office],$d1926. 215 $a1 online resource (2 pages) 225 1 $aSenate report / 69th Congress, 1st session. Senate ;$vno. 82 225 1 $a[United States congressional serial set ] ;$v[serial no. 8524] 300 $aBatch processed record: Metadata reviewed, not verified. Some fields updated by batch processes. 300 $aFDLP item number not assigned. 517 $aBridge across the Chunky River. January 16 606 $aBridge construction industry 606 $aBridges$xDesign and construction 606 $aBridges 608 $aLegislative materials.$2lcgft 615 0$aBridge construction industry. 615 0$aBridges$xDesign and construction. 615 0$aBridges. 701 $aBingham$b Hiram$f1875-1956$pRepublican (CT)$0463205 801 0$bWYU 801 1$bWYU 801 2$bOCLCO 801 2$bOCLCQ 801 2$bOCLCO 906 $aBOOK 912 $a9910716277203321 996 $aBridge across the Chunky River. January 16 (calendar day, January 23), 1926. -- Ordered to be printed$93463167 997 $aUNINA LEADER 02338nam0 22004573i 450 001 PAL0008110 005 20251003044305.0 020 $aIT$b763721 100 $a20141009d1975 ||||0itac50 ba 101 | $aita 102 $ait 181 1$6z01$ai $bxxxe 182 1$6z01$an 183 1$6z01$anc$2RDAcarrier 200 1 $aˆLo ‰stato giuridico e la carriera degli impiegati civili dello Stato$elegislazione, giurisprudenza, commento$fAntonio Bennati, Emidio Di Giambattista 205 $a4. ed. completamente rielaborata 210 $aNapoli$cE. Jovene$d1975 215 $aL, 895 p.$d25 cm 300 $aTit. delle ed. precedenti: Il nuovo statuto e la carriera degli impiegati civili dello Stato. 500 10$aˆLo ‰stato giuridico e la carriera degli impiegati.$3MSE0073353$9MILV022292$91573919 606 $aImpiegati pubblici$xLegislazione$2FIR$3SBLC128910$9I 606 $aImpiegati statali$xLegislazione$2FIR$3CFIC028410$9I 676 $a342.45068$9POTERE ESECUTIVO. FUNZIONARI E DIPENDENTI. ITALIA$v20 676 $a342.4506802638$9DIRITTO COSTITUZIONALE E AMMINISTRATIVO. ITALIA$v21 696 $aAmministrazione pubblica$aImpiegati 699 $aImpiegati pubblici$xAmministrazione pubblica$xImpiegati 700 1$aBennati$b, Antonio$3MILV022292$4070$07326 701 1$aDi Giambattista$b, Emidio$3PALV005801$4070$07327 801 3$aIT$bIT-000000$c20141009 850 $aIT-BN0095 $aIT-SA0060 $aIT-NA0079 $aIT-AV0151 $aIT-NA0095 901 $bNAP 01$cV $n$ 901 $bNAP BN$cB $nComprende volumi con collocazioni per formato catalogati prima del 1987. La consegna del doc. é effettuata dall'Uff. Distribuzione. 901 $bNAP SB$cSAB-CAM $n$ 901 $bNAP BN$cC $nComprende volumi con collocazioni per formato catalogati prima del 1987. La consegna del doc. é effettuata dall'Uff. Distribuzione. 901 $bNAP CF$cDIRITTO $n$ 901 $bNAP 27$cSALA $n$ 912 $aPAL0008110 950 0$aBiblioteca Centralizzata di Ateneo$d 01V (S) 000 859$e 01S 0009008595 VMA 1 v.$fY $h20140521$i20140521 977 $a 01$a 27$a BN$a CF$a SB 996 $aStato giuridico e la carriera degli impiegati$91573919 997 $aUNISANNIO